Rebellion (Record no. 5177)
[ view plain ]
| 000 -LEADER | |
|---|---|
| fixed length control field | 00493cam a2200217ua 4500 |
| 001 - CONTROL NUMBER | |
| control field | 6029 |
| 005 - DATE AND TIME OF LATEST TRANSACTION | |
| control field | 20260515113953.0 |
| 008 - FIXED-LENGTH DATA ELEMENTS--GENERAL INFORMATION | |
| fixed length control field | 131031n ii |||gr||||Z||||||eng |
| 020 ## - INTERNATIONAL STANDARD BOOK NUMBER | |
| International Standard Book Number | 978-81-237-4935-8 |
| 040 ## - CATALOGING SOURCE | |
| Transcribing agency | MAIN |
| 082 ## - DEWEY DECIMAL CLASSIFICATION NUMBER | |
| Classification number | 954.031 |
| 100 ## - MAIN ENTRY--PERSONAL NAME | |
| Personal name | Joshi,P C , |
| Relator term | Editor. |
| 245 ## - TITLE STATEMENT | |
| Title | Rebellion |
| Remainder of title | 1857 |
| 250 ## - EDITION STATEMENT | |
| Edition statement | 1st ed. |
| 260 ## - PUBLICATION, DISTRIBUTION, ETC. | |
| Place of publication, distribution, etc. | New Delhi: |
| Name of publisher, distributor, etc. | National Book Trust, |
| Date of publication, distribution, etc. | 2007. |
| 300 ## - PHYSICAL DESCRIPTION | |
| Extent | ix,379p. |
| 653 ## - INDEX TERM--UNCONTROLLED | |
| Uncontrolled term | History |
| 653 ## - INDEX TERM--UNCONTROLLED | |
| Uncontrolled term | Rebellion |
| 653 ## - INDEX TERM--UNCONTROLLED | |
| Uncontrolled term | 1857 |
| 942 ## - ADDED ENTRY ELEMENTS (KOHA) | |
| Koha item type | Books |
| Withdrawn status | Lost status | Damaged status | Not for loan | Home library | Current library | Shelving location | Date acquired | Total checkouts | Full call number | Barcode | Date last seen | Copy number | Price effective from | Koha item type |
|---|---|---|---|---|---|---|---|---|---|---|---|---|---|---|
| Naharkatiya College Library | Naharkatiya College Library | General stacks | 09/19/2020 | 954.031 | REB | 17866 | 09/19/2020 | 1 | 09/19/2020 | Books |